Bates' pocket guide to physical examination and history taking. (6th ed.) (Record no. 30843)
[ view plain ]
| 000 -LEADER | |
|---|---|
| fixed length control field | 00833nam a2200205 a 4500 |
| 008 - FIXED-LENGTH DATA ELEMENTS--GENERAL INFORMATION | |
| fixed length control field | 111205s2009 ||||||||||||||||| || u |
| 020 ## - INTERNATIONAL STANDARD BOOK NUMBER | |
| International Standard Book Number | 9780781780667 |
| 050 ## - LIBRARY OF CONGRESS CALL NUMBER | |
| Classification number | RC 76 Bic |
| 100 ## - MAIN ENTRY--PERSONAL NAME | |
| Personal name | Bickley, Lynn S |
| 245 10 - TITLE STATEMENT | |
| Title | Bates' pocket guide to physical examination and history taking. (6th ed.) |
| Statement of responsibility, etc. | by Lynn S. Bickley and Peter G. Szilagyi |
| 250 ## - EDITION STATEMENT | |
| Edition statement | 6th ed. |
| 260 ## - PUBLICATION, DISTRIBUTION, ETC. | |
| Place of publication, distribution, etc. | New York: |
| Name of publisher, distributor, etc. | Wolters Kluwer |
| Date of publication, distribution, etc. | 2009 |
| 300 ## - PHYSICAL DESCRIPTION | |
| Extent | viii, 453p.: ill. |
| 350 ## - | |
| -- | 0.00 |
| 650 ## - SUBJECT ADDED ENTRY--TOPICAL TERM | |
| Topical term or geographic name entry element | PHYSIOLOGY |
| 650 ## - SUBJECT ADDED ENTRY--TOPICAL TERM | |
| Topical term or geographic name entry element | PHYSICAL DIAGNOSIS--HANDBOOKS, MANUALS, ETC |
| 650 ## - SUBJECT ADDED ENTRY--TOPICAL TERM | |
| Topical term or geographic name entry element | MEDICAL HISTORY TAKING--HANDBOOKS, MANUALS, ETC |
| 700 ## - ADDED ENTRY--PERSONAL NAME | |
| Personal name | Szilagyi, Peter G |
| 995 ## - | |
| -- | MEDICAL LIBRARY OPEN ACCESS |
| -- | 0.00 |
| -- | 900251 |
| -- | CBU-SCHOOL OF MEDICINE LIBRARY (Ndola) |
| -- | 1 |
| -- | 0.00 |
| -- | RC 76 Bic |
| -- | 1 |
| -- | AVAILABLE |
| -- | Dec 5, 2011 |
| -- | 900251 |
| -- | Medical Library Open Access Collection |
| 999 ## - | |
| -- | 30843 |
| -- | 30843 |
| Withdrawn status | Lost status | Source of classification or shelving scheme | Damaged status | Not for loan | Permanent Location | Current Location | Shelving location | Date acquired | Total Checkouts | Total Renewals | Full call number | Barcode | Date last seen | Date last checked out | Price effective from | Koha item type |
|---|---|---|---|---|---|---|---|---|---|---|---|---|---|---|---|---|
| CBU-SCHOOL OF MEDICINE LIBRARY, NDOLA. | CBU-MICHAEL CHILUFYA SATA LIBRARY | 11/30/2022 | 2 | 1 | RC 76 Bic | 900251 | 10/01/2024 | 09/03/2024 | 11/30/2022 | MONOGRAPH |